|
|
|
|
| LEADER |
01794nam a2200289 a 4500 |
| 001 |
GR-Patra33951 |
| 008 |
110912s2011 gr b b 001 b eng d |
| 020 |
|
|
|a 9781847427182
|
| 044 |
|
|
|b en
|
| 082 |
|
0 |
|a 361
|
| 245 |
0 |
0 |
|a Social work in extremis :
|b lessons for social work internationally /
|c edited by Michael Lavalette and Vasilios Ioakimidis.
|
| 260 |
|
|
|a Bristol, U.K. :
|b Policy Press,
|c c2011
|
| 300 |
|
|
|a v, 191 σ. :
|b εικ., 1 χάρτης ;
|c 25 εκ.
|
| 504 |
|
|
|a Περιλαμβάνει βιβλιογραφίες και ευρετήριο.
|
| 650 |
|
0 |
|a Social service
|
| 650 |
|
4 |
|a ΚΟΙΝΩΝΙΚΗ ΕΡΓΑΣΙΑ
|
| 700 |
1 |
|
|a Ioakimidis, Vasilios
|
| 700 |
1 |
|
|a Lavalette, Michael
|
| 710 |
0 |
|
|a Polity press
|
| 942 |
|
|
|2 ddc
|
| 952 |
|
|
|0 0
|1 0
|2 ddc
|4 0
|6 361_000000000000000_SOC
|7 0
|9 316213
|a LISK
|b LISK
|c BSC
|d 2021-01-17
|e 24
|f 0
|g 0.00
|l 0
|o 361 SOC
|p 92410057977
|r 2021-01-17 00:00:00
|t 1
|w 2021-01-17
|y BK15
|x 20131015 0 1
|x GrPaTEI
|
| 952 |
|
|
|0 0
|1 0
|2 ddc
|4 0
|6 361_000000000000000_SOC
|7 0
|9 316214
|a LISK
|b LISK
|c BSC
|d 2021-01-17
|e 24
|f 0
|g 0.00
|l 0
|o 361 SOC
|p 92410057978
|r 2021-01-17 00:00:00
|t 1
|w 2021-01-17
|y BK15
|x 20131015 0 1
|x GrPaTEI
|
| 952 |
|
|
|0 0
|1 0
|2 ddc
|4 0
|6 361_000000000000000_SOC
|7 0
|9 316216
|a LISK
|b LISK
|c BSC
|d 2021-01-17
|e 24
|f 0
|g 0.00
|l 0
|o 361 SOC
|p 92410057981
|r 2021-01-17 00:00:00
|t 1
|w 2021-01-17
|y BK15
|x 20131015 0 1
|x GrPaTEI
|
| 952 |
|
|
|0 0
|1 0
|2 ddc
|4 0
|6 361_000000000000000_SOC
|7 1
|9 316217
|a LISK
|b LISK
|c BSC
|d 2021-01-17
|e 24
|f 0
|g 0.00
|l 0
|o 361 SOC
|p 92410052231
|r 2021-01-17 00:00:00
|t 1
|w 2021-01-17
|y BKN
|x 20130726 0 0
|x GrPaTEI
|
| 952 |
|
|
|0 0
|1 0
|2 ddc
|4 0
|6 361_000000000000000_SOC
|7 0
|9 316218
|a LISK
|b LISK
|c ALF
|d 2021-01-17
|e 24
|f 0
|g 0.00
|l 0
|o 361 SOC
|p 92410057980
|r 2021-01-17 00:00:00
|t 1
|w 2021-01-17
|y BK15
|x 20131015 0 1
|x GrPaTEI
|
| 971 |
|
|
|a .b26815230
|b 01-10-20
|c 27-09-16
|
| 999 |
|
|
|c 180097
|d 180097
|